[Event "Livorno op 7th"]
[Site "Livorno"]
[Date "2011.07.03"]
[Round "5"]
[White "Casarosa, Michele"]
[Black "Sernagiotto, Mirko Virgilio"]
[Result "1/2-1/2"]
[WhiteElo "1976"]
[BlackElo "1970"]
[PlyCount "77"]
[EventDate "2011.07.01"]
[EventType "swiss"]
[EventRounds "5"]
[EventCountry "ITA"]
[SourceTitle "EXT 2014"]
[Source "ChessBase"]
[SourceDate "2013.11.20"]
[SourceVersion "1"]
[SourceVersionDate "2013.11.20"]
[SourceQuality "1"]

1. e4 e5 2. Nf3 Nc6 3. Bb5 f5 4. Qe2 fxe4 5. Qxe4 Nf6 6. Qe2 e4 7. d3 Qe7 8. dxe4 Qxe4 9. Qxe4+ Nxe4 10. 0-0 Be7 11. Re1 Nf6 12. Nc3 h6 13. Bf4 d6 14. Nd4 Bd7 15. Ne6 Bxe6 16. Rxe6 Kd7 17. Rae1 Rae8 18. f3 a6 19. Bxc6+ bxc6 20. Bg3 Bd8 21. R6e3 Rxe3 22. Rxe3 Re8 23. Rxe8 Kxe8 24. Be1 c5 25. Kf2 Kf7 26. Ke3 d5 27. Kd3 c6 28. Na4 Nd7 29. Bf2 Be7 30. Bg3 Ke6 31. b3 g5 32. Bc7 Ne5+ 33. Bxe5 Kxe5 34. Nc3 h5 35. Ne2 Kf5 36. h3 Bd6 37. Ke3 Be5 38. Kd3 h4 39. Ke3 1/2-1/2

[Event "Campobasso op 16th"]
[Site "Campobasso"]
[Date "2009.07.25"]
[Round "4"]
[White "Sernagiotto, Mirko Virgilio"]
[Black "Maggi, Fabrizio"]
[Result "1-0"]
[WhiteElo "1963"]
[BlackElo "2074"]
[PlyCount "133"]
[EventDate "2009.07.24"]
[EventType "swiss"]
[EventRounds "6"]
[EventCountry "ITA"]
[SourceTitle "EXT 2012"]
[Source "ChessBase"]
[SourceDate "2011.11.24"]
[SourceVersion "1"]
[SourceVersionDate "2011.11.24"]
[SourceQuality "1"]

1. Nf3 f5 2. d4 Nf6 3. g3 g6 4. Bg2 Bg7 5. c3 c5 6. d5 d6 7. a4 Na6 8. Nbd2 Nc7 9. c4 Bd7 10. e4 fxe4 11. Ng5 e3 12. fxe3 0-0 13. 0-0 Ng4 14. Ndf3 Qc8 15. h3 Ne5 16. Nxe5 Bxe5 17. Kh2 h6 18. Nf3 Bg7 19. Qc2 g5 20. Bd2 Qe8 21. g4 a6 22. a5 Rb8 23. Bc3 b5 24. axb6 Rxb6 25. Bxg7 Kxg7 26. Nd2 Rh8 27. Be4 h5 28. Kg3 hxg4 29. hxg4 Bxg4 30. Qc3+ Kg8 31. Rh1 Bh5 32. Rh2 Qf7 33. Rah1 Ne8 34. Qxh8+ Kxh8 35. Rxh5+ Kg8 36. Rh8+ Kg7 37. R1h7+ Kf6 38. Rxf7+ Kxf7 39. b3 Nf6 40. Bf5 Kg7 41. Ra8 Kf7 42. Be6+ Kg7 43. Ra7 Kf8 44. Ra8+ Kg7 45. Bc8 Kg6 46. Bxa6 Kf5 47. Ra7 Nh5+ 48. Kg2 Kf6 49. Ra8 Kg7 50. Bb5 Nf6 51. Kf3 Nxd5 52. Ra7 Kf8 53. Ra8+ Kg7 54. e4 Nc7 55. Ra5 Ne6 56. Kg4 Kf6 57. Nf3 Rb8 58. Ba4 Rb7 59. Ra6 Rb8 60. e5+ Kf7 61. exd6 exd6 62. Rxd6 Rb7 63. Rd7+ Rxd7 64. Bxd7 Nf8 65. Bf5 Kf6 66. Nxg5 Ke5 67. Nf3+ 1-0

[Event "Sant' Anna op 10th"]
[Site "Pisignano di Vernole"]
[Date "2007.08.10"]
[Round "6"]
[White "Sernagiotto, Mirko Virgilio"]
[Black "Rizzo, Giovanbattista"]
[Result "0-1"]
[WhiteElo "2128"]
[BlackElo "2112"]
[PlyCount "75"]
[EventDate "2007.08.07"]
[EventType "swiss"]
[EventRounds "7"]
[EventCountry "ITA"]
[SourceTitle "EXT 2009"]
[Source "ChessBase"]
[SourceDate "2008.11.26"]
[SourceVersion "1"]
[SourceVersionDate "2008.11.26"]
[SourceQuality "1"]

1. Nf3 c5 2. c4 Nc6 3. Nc3 g6 4. g3 Bg7 5. Bg2 e6 6. d3 Nge7 7. 0-0 b6 8. Rb1 0-0 9. Bd2 Bb7 10. a3 d5 11. cxd5 Nxd5 12. Nxd5 Qxd5 13. b4 cxb4 14. axb4 Rfd8 15. Qb3 Nd4 16. Qd1 e5 17. Ne1 Qd7 18. Bxb7 Qxb7 19. e3 Nb5 20. f4 e4 21. d4 Nxd4 22. exd4 Bxd4+ 23. Kg2 Bc3 24. Bxc3 Rxd1 25. Rxd1 Qc6 26. Be5 Qb5 27. Rf2 Re8 28. Rc2 g5 29. Bf6 gxf4 30. gxf4 Qf5 31. Rd6 Qxf4 32. Rcd2 h6 33. Kg1 Kh7 34. Rg2 Rg8 35. Rxg8 Kxg8 36. Rd8+ Kh7 37. Rh8+ Kg6 38. Bd4 0-1

[Event "Sant' Anna op 10th"]
[Site "Pisignano di Vernole"]
[Date "2007.08.08"]
[Round "3"]
[White "Dappiano, Andrea"]
[Black "Sernagiotto, Mirko Virgilio"]
[Result "0-1"]
[WhiteElo "1914"]
[BlackElo "2128"]
[PlyCount "70"]
[EventDate "2007.08.07"]
[EventType "swiss"]
[EventRounds "7"]
[EventCountry "ITA"]
[SourceTitle "EXT 2009"]
[Source "ChessBase"]
[SourceDate "2008.11.26"]
[SourceVersion "1"]
[SourceVersionDate "2008.11.26"]
[SourceQuality "1"]

1. c4 c6 2. Nf3 d5 3. g3 Nf6 4. Bg2 g6 5. cxd5 Qxd5 6. Nc3 Qh5 7. 0-0 Bg7 8. d4 0-0 9. Qb3 Nd5 10. Ng5 h6 11. Nxd5 cxd5 12. Bf3 Bg4 13. Qxb7 Nd7 14. Bxg4 Qxg4 15. Nf3 Nb6 16. Rd1 g5 17. b3 Qe4 18. Be3 Rfd8 19. Rac1 Rd7 20. Qa6 f5 21. Qd3 Qe6 22. Rc2 a5 23. Rdc1 Rd6 24. Qb5 a4 25. Rc6 axb3 26. axb3 Nc4 27. Rxd6 Nxd6 28. Qb6 f4 29. gxf4 gxf4 30. Bxf4 Qxe2 31. Kg2 Nf5 32. Re1 Nh4+ 33. Nxh4 Qxe1 34. Nf3 Qe4 35. Bg3 Rf8 0-1